مكتبة جامعة عجلون الوطنية

فهرس بحث المكتبة

أخبار حسان بن ثابت: من كتاب الأغاني لأبي الفرج الأصبهاني علي بن الحسين 356هـ - 976هـ (Record no. 18326)

MARC details
000 -LEADER
fixed length control field 00732nam a2200193Ii 4500
003 - CONTROL NUMBER IDENTIFIER
control field JO-AjNU
008 - FIXED-LENGTH DATA ELEMENTS--GENERAL INFORMATION
fixed length control field 230605s9999||||xx |||||||||||||| ||und||
040 ## - CATALOGING SOURCE
Original cataloging agency JO-AjNU
Language of cataloging ara
Description conventions rda
Transcribing agency JO-AjNU
041 ## - LANGUAGE CODE
Language code of text/sound track or separate title ara
050 14 - LIBRARY OF CONGRESS CALL NUMBER
Classification number PJ7698.H3.Z524
100 3# - MAIN ENTRY--PERSONAL NAME
Personal name تأليف الأصبهاني، علي بن الحسين,
Relator term author
9 (RLIN) 35689
245 00 - TITLE STATEMENT
Title أخبار حسان بن ثابت: من كتاب الأغاني لأبي الفرج الأصبهاني علي بن الحسين 356هـ - 976هـ
264 31 - PRODUCTION, PUBLICATION, DISTRIBUTION, MANUFACTURE, AND COPYRIGHT NOTICE
Place of production, publication, distribution, manufacture د.ن
300 ## - PHYSICAL DESCRIPTION
Extent 134ص-170ص/39ص
336 ## - CONTENT TYPE
Content type term text
Content type code txt
Source rdacontent
337 ## - MEDIA TYPE
Media type term unmediated
Media type code n
Source rdamedia
338 ## - CARRIER TYPE
Carrier type term volume
Carrier type code nc
Source rdacarrier
650 #4 - SUBJECT ADDED ENTRY--TOPICAL TERM
Topical term or geographic name entry element حسان بن ثابت بن المنذر الخزرجي
9 (RLIN) 35690
Holdings
Withdrawn status Lost status Source of classification or shelving scheme Damaged status Not for loan Home library Current library Shelving location Date acquired Total Checkouts Full call number Barcode Date last seen Price effective from Koha item type
    Library of Congress Classification     مكتبة جامعة عجلون الوطنية مكتبة جامعة عجلون الوطنية المجموعات العامة 06/06/2023   PJ7698.H3.Z524 A14758 06/06/2023 06/06/2023 Books